| 000 | 00666nam a2200229Ia 4500 | ||
|---|---|---|---|
| 008 | 191130s1998##################000#0#eng## | ||
| 020 | _a849384281 | ||
| 022 | _a97014857 | ||
| 040 |
_aACL _cACL |
||
| 082 | _a577.727 KEN | ||
| 100 | _aKennish, Michael J | ||
| 245 |
_aPollution impacts on marine biotic communities _cMichael J. Kennish |
||
| 250 | _a1st ed | ||
| 260 |
_aBoca Raton, FL _bCRC Press _c1998 |
||
| 300 | _a310 p. : ill., maps ; 24 cm | ||
| 500 | _aIncludes bibliographical references and index | ||
| 650 | _aMarine ecology | ||
| 650 | _aMarine pollution | ||
| 990 | _ae2c0f606ac10000c7bad99921b99e148 | ||
| 991 | _a244814 | ||
| 999 |
_c39614 _d39614 |
||